Every Bundesliga Player 2022/23 - Statistics

General Stats
  • This quiz has been taken 79 times
  • The average score is 203 of 515
Answer Stats
% Correct
Bayern Munich CB France Dayot Upamecano 29
93%
Bayer Leverkusen RB Netherlands Jeremie Frimpong 34
93%
Bayern Munich DM Germany Joshua Kimmich 33
93%
Bayern Munich RW Germany Leroy Sane 32
93%
Bayern Munich GK Germany Manuel Neuer 12
93%
Bayern Munich LW Senegal Sadio Mane 25
93%
Schalke RW Germany Sidi Sane 1
93%
Bayern Munich LB Canada Alphonso Davies 26
91%
Bayern Munich AM Germany Jamal Musiala 33
91%
Bayern Munich LW France Kingsley Coman 24
91%
Bayern Munich CM Germany Leon Goretzka 27
91%
Stuttgart GK Germany Florian Muller 19
89%
Borussia Dortmund CM England Jude Bellingham 31
89%
Bayern Munich RB Morocco Noussair Mazraoui 19
89%
Bayern Munich RW Germany Serge Gnabry 34
89%
Mainz CB Germany Stefan Bell 30
89%
Bayern Munich GK Germany Sven Ulreich 3
89%
Bayern Munich SS Germany Thomas Muller 27
89%
Bayern Munich RB France Benjamin Pavard 30
87%
Borussia Dortmund DM Germany Emre Can 27
87%
Bayer Leverkusen AM Germany Florian Wirtz 17
87%
Borussia Dortmund AM Germany Julian Brandt 32
87%
Bayern Munich CB Netherlands Matthijs de Ligt 31
87%
Borussia Dortmund LB Portugal Raphael Guerreiro 27
87%
Bayern Munich GK Switzerland Yann Sommer 19
87%
Borussia Monchengladbach GK Switzerland Yann Sommer 10
87%
Borussia Dortmund RW Netherlands Donyell Malen 26
85%
Borussia Dortmund GK Switzerland Gregor Kobel 27
85%
Bayer Leverkusen GK Finland Lukas Hradecky 33
85%
Borussia Dortmund AM Germany Marco Reus 25
85%
Bayer Leverkusen ST Czech Republic Patrick Schick 14
85%
RB Leipzig LB Germany Sanoussy Ba 1
85%
Borussia Dortmund ST Ivory Coast Sebastien Haller 19
85%
Bayern Munich ST Cameroon Eric Maxim Choupo-Moting 19
83%
Bayer Leverkusen CB Burkina Faso Edmond Tapsoba 33
81%
Bayer Leverkusen CB Germany Jonathan Tah 33
81%
Bochum CB Germany Keven Schlotterbeck 13
81%
Freiburg CB Germany Keven Schlotterbeck 2
81%
Bayern Munich CM Austria Marcel Sabitzer 15
81%
Bayer Leverkusen RW France Moussa Diaby 33
81%
Borussia Dortmund CB Germany Nico Schlotterbeck 28
81%
Bayern Munich CM Netherlands Ryan Gravenberch 24
81%
Borussia Dortmund AM United States Giovanni Reyna 22
80%
Bayern Munich ST France Mathys Tel 22
80%
Borussia Dortmund CB Germany Mats Hummels 30
80%
Borussia Dortmund LW Belgium Thorgan Hazard 14
80%
RB Leipzig ST Germany Timo Werner 27
80%
RB Leipzig AM Hungary Dominik Szoboszlai 31
78%
RB Leipzig AM Sweden Emil Forsberg 30
78%
RB Leipzig CM Austria Konrad Laimer 21
78%
Borussia Dortmund CB Germany Niklas Sule 29
78%
RB Leipzig ST Portugal Andre Silva 31
76%
RB Leipzig AM Spain Dani Olmo 23
76%
Bayern Munich RB Croatia Josip Stanisic 14
76%
RB Leipzig CB Croatia Josko Gvardiol 30
76%
Wolfsburg GK Belgium Koen Casteels 34
76%
Bayern Munich CB France Lucas Hernandez 7
76%
Hoffenheim GK Germany Oliver Baumann 34
76%
RB Leipzig CB Hungary Willi Orban 33
76%
Bayern Munich RB Portugal Joao Cancelo 15
74%
Bayer Leverkusen CB Ecuador Piero Hincapie 30
74%
Borussia Dortmund DM Turkey Salih Ozcan 26
74%
Bayer Leverkusen ST Czech Republic Adam Hlozek 29
72%
Hoffenheim ST Croatia Andrej Kramaric 32
72%
Bayern Munich RB Senegal Bouna Sarr 1
72%
RB Leipzig SS France Christopher Nkunku 25
72%
Bayer Leverkusen CM Argentina Exequiel Palacios 25
72%
RB Leipzig CM Slovenia Kevin Kampl 30
72%
Eintracht Frankfurt GK Germany Kevin Trapp 33
72%
Borussia Monchengladbach ST France Marcus Thuram 30
72%
RB Leipzig GK Hungary Peter Gulacsi 6
72%
Borussia Dortmund RB Belgium Thomas Meunier 10
72%
Freiburg LW Italy Vincenzo Grifo 33
72%
Borussia Monchengladbach ST France Alassane Plea 29
70%
Borussia Dortmund ST France Anthony Modeste 19
70%
Eintracht Frankfurt AM Japan Daichi Kamada 32
70%
Borussia Monchengladbach LB Algeria Ramy Bensebaini 28
70%
RB Leipzig ST Denmark Yussuf Poulsen 19
70%
Hoffenheim AM Austria Christoph Baumgartner 33
69%
Werder Bremen ST Germany Niclas Fullkrug 28
69%
Hoffenheim CB Turkey Ozan Kabak 30
69%
Bayer Leverkusen ST Iran Sardar Azmoun 23
69%
Borussia Dortmund LW England Jamie Bynoe-Gittens 15
67%
RB Leipzig RB Germany Lukas Klostermann 15
67%
Freiburg GK Netherlands Mark Flekken 34
67%
Freiburg CB Germany Matthias Ginter 34
67%
Hoffenheim LB Spain Angelino 33
65%
RB Leipzig LB Germany David Raum 28
65%
Borussia Monchengladbach RW Germany Jonas Hofmann 31
65%
Borussia Dortmund RB Norway Julian Ryerson 17
65%
Union Berlin RB Norway Julian Ryerson 13
65%
Bochum ST Germany Philipp Hofmann 34
65%
Borussia Dortmund GK Germany Alexander Meyer 7
63%
Bayer Leverkusen CM Chile Charles Aranguiz 10
63%
Hoffenheim CM Germany Finn Ole Becker 13
63%
Koln LB Germany Jonas Hector 32
63%
Borussia Dortmund LW Germany Karim Adeyemi 24
63%
RB Leipzig LB Germany Marcel Halstenberg 31
63%
Eintracht Frankfurt AM Germany Mario Gotze 32
63%
Borussia Monchengladbach CB Switzerland Nico Elvedi 32
63%
Bayer Leverkusen CB Ivory Coast Odilon Kossounou 24
63%
Eintracht Frankfurt ST France Randal Kolo Muani 32
63%
Union Berlin SS Suriname Sheraldo Becker 34
63%
Borussia Monchengladbach LW Austria Hannes Wolf 18
61%
Bochum LB Germany Jannes Horn 2
61%
Borussia Monchengladbach AM Germany Lars Stindl 29
61%
Mainz AM South Korea Lee Jae-sung 34
61%
Borussia Dortmund RB Germany Marius Wolf 25
61%
Bayer Leverkusen CM Germany Robert Andrich 29
61%
Stuttgart ST Guinea Serhou Guirassy 22
61%
RB Leipzig CM Austria Xaver Schlager 22
61%
Borussia Dortmund ST Germany Youssoufa Moukoko 26
61%
RB Leipzig RB Germany Benjamin Henrichs 30
59%
Eintracht Frankfurt CM Switzerland Djibril Sow 32
59%
Stuttgart CB Japan Hiroki Ito 30
59%
Borussia Monchengladbach CB Japan Ko Itakura 24
59%
Stuttgart CB Greece Konstantinos Mavropanos 28
59%
Bayer Leverkusen LB Netherlands Mitchel Bakker 28
59%
Wolfsburg ST Egypt Omar Marmoush 33
59%
Borussia Monchengladbach RB Austria Stefan Lainer 17
59%
RB Leipzig CM Mali Amadou Haidara 31
57%
RB Leipzig CB France Mohamed Simakan 24
57%
Eintracht Frankfurt ST Colombia Rafael Santos Borre 32
57%
Stuttgart LB Croatia Borna Sosa 25
56%
Bayer Leverkusen LW England Callum Hudson-Odoi 14
56%
Koln DM Tunisia Ellyes Skhiri 32
56%
Borussia Monchengladbach GK Switzerland Jonas Omlin 15
56%
Freiburg RW Hungary Roland Sallai 19
56%
Stuttgart RW DR Congo Silas Katompa Mvumpa 30
56%
Stuttgart DM Japan Wataru Endo 33
56%
Freiburg LB Germany Christian Gunter 33
54%
Wolfsburg CM Germany Maximilian Arnold 32
54%
Freiburg ST Austria Michael Gregoritsch 30
54%
Hoffenheim ST Israel Munas Dabbur 21
54%
Eintracht Frankfurt CB Brazil Tuta 31
54%
Bayer Leverkusen RW France Amine Adli 26
52%
Augsburg CM Germany Arne Maier 30
52%
Bayern Munich LB Netherlands Daley Blind 4
52%
Stuttgart CB France Dan-Axel Zagadou 17
52%
Augsburg ST Bosnia Ermedin Demirovic 30
52%
Wolfsburg LW Poland Jakub Kaminski 31
52%
RB Leipzig GK Germany Janis Blaswich 26
52%
Eintracht Frankfurt AM Denmark Jesper Lindstrom 27
52%
Bayer Leverkusen CM Germany Kerem Demirbay 25
52%
Eintracht Frankfurt CB Japan Makoto Hasebe 18
52%
Borussia Monchengladbach CM France Manu Kone 30
52%
Schalke CB Poland Marcin Kaminski 8
52%
Augsburg LW Switzerland Ruben Vargas 23
52%
Stuttgart CB Germany Waldemar Anton 34
52%
Werder Bremen GK Czech Republic Jiri Pavlenka 33
50%
Werder Bremen ST Germany Marvin Ducksch 34
50%
Wolfsburg RB Germany Ridle Baku 33
50%
Hertha Berlin ST Montenegro Stevan Jovetic 17
50%
Borussia Monchengladbach DM Germany Christoph Kramer 29
48%
Eintracht Frankfurt CB Ivory Coast Evan Ndicka 30
48%
Koln LW Austria Florian Kainz 32
48%
Borussia Monchengladbach CM Germany Florian Neuhaus 23
48%
Hoffenheim CB United States John Brooks 15
48%
Eintracht Frankfurt ST Argentina Lucas Alario 20
48%
Wolfsburg CB Netherlands Micky van de Ven 33
48%
Augsburg GK Poland Rafal Gikiewicz 23
48%
Freiburg RW Japan Ritsu Doan 33
48%
Bayern Munich AM Germany Arijon Ibrahimovic 1
46%
Hertha Berlin ST Germany Davie Selke 13
46%
Koln ST Germany Davie Selke 17
46%
Hoffenheim ST Togo Ihlas Bebou 19
46%
Augsburg CB Netherlands Jeffrey Gouweleeuw 32
46%
Borussia Monchengladbach RB United States Joe Scally 28
46%
Wolfsburg ST Denmark Jonas Wind 24
46%
Freiburg RB France Jonathan Schmid 3
46%
Union Berlin ST Germany Kevin Behrens 33
46%
Hertha Berlin DM France Lucas Tousart 33
46%
Borussia Dortmund CM Germany Mahmoud Dahoud 9
46%
Wolfsburg CB France Maxence Lacroix 24
46%
Borussia Monchengladbach RW Germany Patrick Herrmann 21
46%
Wolfsburg RW Austria Patrick Wimmer 26
46%
Freiburg CB Austria Philipp Lienhart 29
46%
Werder Bremen AM Austria Romano Schmid 27
46%
Bochum RW Japan Takuma Asano 25
46%
Hertha Berlin RW Belgium Dodi Lukebakio 32
44%
Union Berlin GK Denmark Frederik Ronnow 29
44%
Bochum GK Germany Manuel Riemann 34
44%
Schalke CB Japan Maya Yoshida 29
44%
Bayer Leverkusen CM Germany Nadiem Amiri 25
44%
Schalke GK Germany Ralf Fahrmann 12
44%
Union Berlin CB Germany Timo Baumgartl 8
44%
Stuttgart SS Germany Chris Fuhrich 33
43%
Hoffenheim CB Germany Kevin Vogt 22
43%
Mainz CM Luxembourg Leandro Barreiro 31
43%
Hoffenheim RB Czech Republic Pavel Kaderabek 26
43%
Augsburg RB Poland Robert Gumny 29
43%
Schalke CB France Timothee Kolodziejczak 1
43%
Eintracht Frankfurt RW Germany Ansgar Knauff 24
41%
Union Berlin CB Portugal Diogo Leite 28
41%
Wolfsburg CM Germany Felix Nmecha 30
41%
Augsburg DM Austria Julian Buamgartlinger 16
41%
Hertha Berlin AM Ghana Kevin-Prince Boateng 16
41%
Wolfsburg ST Germany Lukas Nmecha 16
41%
Werder Bremen CB Austria Marco Friedl 30
41%
Koln GK Germany Marvin Schwabe 34
41%
Hertha Berlin LB Germany Maximilian Mittelstadt 17
41%
Augsburg ST Germany Mergim Berisha 23
41%
Werder Bremen CB Germany Niklas Stark 27
41%
Freiburg ST Germany Nils Petersen 27
41%
Union Berlin DM Germany Rani Khedira 33
41%
Hoffenheim RM Denmark Robert Skov 23
41%
Schalke ST Germany Simon Terodde 32
41%
Mainz LB Spain Aaron Martin 28
39%
RB Leipzig CB Senegal Abdou Diallo 8
39%
Schalke DM Czech Republic Alex Kral 29
39%
Bayer Leverkusen LB Netherlands Daley Sinkgraven 12
39%
Bayer Leverkusen ST Finland Joel Pohjanpalo 1
39%
Borussia Monchengladbach DM Germany Julian Weigl 23
39%
Borussia Dortmund RW Belgium Julien Duranville 1
39%
Eintracht Frankfurt DM Croatia Kristijan Jakic 24
39%
Freiburg ST Germany Lucas Holer 26
39%
Wolfsburg CM Sweden Mattias Svanberg 32
39%
Werder Bremen CB Serbia Milos Veljkovic 29
39%
Eintracht Frankfurt LB Germany Philipp Max 10
39%
Eintracht Frankfurt CM Germany Sebastian Rode 27
39%
RB Leipzig ST Norway Alexander Sorloth 1
37%
Werder Bremen DM Germany Christian Groß 26
37%
Hoffenheim LW Denmark Jacob Bruun Larsen 12
37%
Freiburg AM South Korea Jeong Woo-yeong 26
37%
Union Berlin ST United States Jordan Siebatcheu 31
37%
Union Berlin RB Croatia Josip Juranovic 12
37%
Union Berlin GK Germany Lennart Grill 5
37%
Borussia Monchengladbach LB Germany Luca Netz 20
37%
Freiburg CM Germany Maximilian Eggestein 31
37%
Werder Bremen RB Germany Mitchell Weiser 30
37%
Augsburg DM Germany Niklas Dorsch 11
37%
Bayern Munich AM Germany Paul Wanner 2
37%
Union Berlin CB Germany Robin Knoche 32
37%
Wolfsburg CB Belgium Sebastiaan Bornauw 26
37%
Schalke CB Netherlands Sepp van den Berg 9
37%
Borussia Dortmund CB France Soumaila Coulibaly 1
37%
Koln ST Germany Steffen Tigges 30
37%
Hertha Berlin CM Germany Suat Serdar 32
37%
Stuttgart RW France Tanguy Coulibaly 14
37%
Stuttgart ST Portugal Tiago Tomas 27
37%
Eintracht Frankfurt CB Mali Almamy Toure 7
35%
Mainz CM Germany Anton Stach 30
35%
Koln RB Germany Benno Schmitz 31
35%
Union Berlin CB Netherlands Danilho Doekhi 25
35%
Stuttgart CM France Ezno Millot 23
35%
Eintracht Frankfurt LM Serbia Filip Kostic 1
35%
Bochum LW Philippines Gerrit Holtmann 23
35%
Augsburg LB Brazil Iago 22
35%
Bayer Leverkusen RW Germany Karim Bellarabi 8
35%
Mainz ST Austria Karim Onisiwo 31
35%
Hoffenheim CB Nigeria Kevin Akpoguma 28
35%
Schalke LW Germany Marius Bulter 33
35%
Hertha Berlin LB Germany Marvin Plattenhardt 31
35%
Hertha Berlin GK Denmark Oliver Christensen 33
35%
Eintracht Frankfurt AM United States Paxten Aaronson 7
35%
Hertha Berlin RB Slovakia Peter Pekarik 5
35%
Mainz GK Germany Robin Zentner 26
35%
Koln ST Armenia Sargis Adamyan 24
35%
Hoffenheim DM Germany Sebastian Rudy 22
35%
Mainz RB Switzerland Silvan Widmer 26
35%
Eintracht Frankfurt RB United States Timothy Chandler 6
35%
Augsburg GK Czech Republic Tomas Koubek 11
35%
Mainz CB Norway Andreas Hanche-Olsen 17
33%
Augsburg RW Germany Andre Hahn 7
33%
Bayer Leverkusen GK Russia Andrey Lunev 1
33%
Union Berlin RB Austria Christopher Trimmel 25
33%
Mainz RB Germany Danny da Costa 23
33%
Koln DM Austria Dejan Ljubicic 27
33%
Mainz CB Switzerland Edimilson Fernandes 32
33%
Augsburg AM Finland Fredrik Jensen 20
33%
Union Berlin LB Guadeloupe Jerome Roussillon 16
33%
Wolfsburg LB Guadeloupe Jerome Roussillon 4
33%
Hertha Berlin RB England Jonjoe Kenny 29
33%
Stuttgart RB Germany Josha Vagnoman 23
33%
Werder Bremen AM Germany Leonardo Bittencourt 25
33%
Freiburg DM Germany Nicolas Hofler 32
33%
Schalke CM Uruguay Rodrigo Zalazar 22
33%
Schalke GK Germany Alexander Schwolow 23
31%
Bochum DM France Anthony Losilla 31
31%
Stuttgart DM Germany Atakan Karazor 29
31%
Bochum LW Ghana Christopher Antwi-Adjei 29
31%
Eintracht Frankfurt LB Germany Christopher Lenz 24
31%
Augsburg CM Kosovo Elvis Rexhbecaj 31
31%
Augsburg ST Germany Florian Niederlechner 14
31%
Hertha Berlin ST Germany Florian Niederlechner 16
31%
Freiburg CB Germany Kenneth Schmidt 5
31%
Bochum AM Austria Kevin Stoger 32
31%
Freiburg RB France Kiliann Sildillia 27
31%
Hertha Berlin DM Germany Marton Dardai 17
31%
Borussia Monchengladbach CB Germany Marvin Friedrich 23
31%
Werder Bremen AM Germany Niklas Schmidt 24
31%
Werder Bremen ST Scotland Oliver Burke 15
31%
Augsburg CB England Reece Oxford 3
31%
Schalke ST Germany Sebastian Polter 19
31%
Bayer Leverkusen RB Netherlands Timothy Fosu-Mensah 11
31%
Hoffenheim DM Germany Angelo Stiller 20
30%
Werder Bremen LB Germany Anthony Jung 34
30%
Eintracht Frankfurt RB Portugal Aurelio Buta 18
30%
Augsburg DM Ecuador Carlos Gruezo 13
30%
Bochum RB Costa Rica Cristian Gamboa 19
30%
Bochum CB Serbia Erhan Masovic 29
30%
Hoffenheim CB Bosnia Ermin Bicakcic 9
30%
Borussia Dortmund RB Germany Felix Passlack 3
30%
Mainz GK Germany Finn Dahmen 8
30%
Hoffenheim CM Germany Grischa Promel 18
30%
Schalke CB Germany Henning Matriciani 22
30%
Bochum CB Ukraine Ivan Ordets 30
30%
Koln RW Germany Jan Thielmann 23
30%
Mainz ST Germany Jonathan Burkardt 11
30%
Koln CB Germany Julian Chabot 21
30%
Eintracht Frankfurt LB Italy Luca Pellegrini 9
30%
Mainz ST France Ludovic Ajorque 17
30%
Koln ST Germany Mark Uth 3
30%
Koln AM Slovakia Ondrej Duda 13
30%
Bochum CM Germany Patrick Osterhage 23
30%
Bayer Leverkusen LW Brazil Paulinho 4
30%
Hoffenheim CM Denmark Thomas Delaney 6
30%
Borussia Dortmund LB Germany Tom Rothe 2
30%
Union Berlin CM Tunisia Aissa Laidouni 14
28%
Mainz LB France Anthony Caci 31
28%
Schalke RB Switzerland Cedric Brunner 28
28%
Augsburg RW Italy Daniel Caligiuri 13
28%
Hoffenheim DM Mali Diadie Samassekou 2
28%
Schalke AM Germany Dominick Drexler 27
28%
Hoffenheim ST France Georginio Rutter 15
28%
RB Leipzig RW Spain Hugo Novoa 7
28%
Werder Bremen CM Denmark Jens Stage 32
28%
Wolfsburg DM France Josha Guilavogui 23
28%
Eintracht Frankfurt CM France Junior Dina Ebimbe 19
28%
Schalke RW Turkey Kenan Karaman 21
28%
Koln RW Germany Linton Maina 33
28%
Wolfsburg SS Germany Luca Waldschmidt 18
28%
Augsburg CB Germany Maximilian Bauer 27
28%
Werder Bremen GK Germany Michael Zetterer 2
28%
Borussia Monchengladbach RW France Nathan Ngoumou 20
28%
RB Leipzig GK Norway Orjan Nyland 2
28%
Stuttgart RB Germany Pascal Stenzel 12
28%
Stuttgart ST Austria Sasa Kalajdzic 3
28%
Koln CB Germany Timo Hubers 29
28%
Wolfsburg CM Germany Yannick Gerhardt 29
28%
Union Berlin CM Hungary Andras Schafer 16
26%
Augsburg CM Belgium Arne Engels 18
26%
Bochum LB Brazil Danilo Soares 23
26%
Hoffenheim CM Germany Dennis Geiger 27
26%
Augsburg CB Germany Felix Uduokhai 19
26%
Stuttgart AM Japan Genki Haraguchi 11
26%
Union Berlin AM Japan Genki Haraguchi 11
26%
Werder Bremen DM Bulgaria Ilia Gruev 31
26%
Bochum LB Greece Konstantinos Stafylidis 19
26%
Koln LB Denmark Kristian Pedersen 6
26%
Freiburg RB Germany Lukas Kubler 22
26%
Augsburg LB Denmark Mads Pedersen 28
26%
Mainz ST Denmark Marcus Ingvartsen 28
26%
Bochum ST Germany Simon Zoller 27
26%
Hoffenheim CB France Stanley Nsoki 19
26%
Schalke CM Germany Tom Krauß 32
26%
Borussia Monchengladbach CB Germany Tony Jantschke 8
26%
Mainz CB Germany Alexander Hack 19
24%
Werder Bremen CB Germany Amos Pieper 29
24%
Mainz DM Germany Dominik Kohr 30
24%
Werder Bremen CB Italy Fabio Chiarodia 3
24%
Werder Bremen RB Germany Felix Agu 3
24%
Koln RW Ghana Kingsley Schindler 29
24%
Freiburg CB Germany Manuel Gulde 15
24%
Hertha Berlin CB Germany Marc Oliver Kempf 31
24%
Werder Bremen SS Germany Maximilian Philipp 15
24%
Wolfsburg SS Germany Maximilian Philipp 3
24%
Wolfsburg SS Germany Max Kruse 5
24%
Freiburg CM Germany Merlin Rohl 3
24%
Mainz ST Germany Nelson Weiper 9
24%
Wolfsburg LB Brazil Paulo Otavio 25
24%
Bochum AM Germany Philipp Forster 25
24%
Schalke LB Netherlands Thomas Ouwejan 17
24%
Borussia Dortmund CB Germany Antonios Papadopoulos 1
22%
Wolfsburg CM Belgium Aster Vranckx 1
22%
Freiburg AM Ghana Daniel-Kofi Kyereh 12
22%
Bayern Munich LW Croatia Gabriel Vidovic 1
22%
Stuttgart RW Portugal Gil Dias 7
22%
Eintracht Frankfurt CB Croatia Hrvoje Smolcic 9
22%
Schalke ST Sweden Jordan Larsson 11
22%
Hoffenheim ST Denmark Kasper Dolberg 13
22%
Freiburg RW Germany Kevin Schade 8
22%
Hertha Berlin RW Germany Marco Richter 29
22%
Augsburg ST United States Ricardo Pepi 4
22%
Freiburg CM Germany Robert Wagner 4
22%
Borussia Monchengladbach GK Germany Tobias Sippel 6
22%
Hertha Berlin ST Ivory Coast Wilfried Kanga 23
22%
Borussia Monchengladbach LW Luxembourg Yvandro Borges Sanches 3
22%
Mainz CM Morocco Aymen Barkok 23
20%
Schalke CM Germany Danny Latza 20
20%
Koln DM Germany Eric Martel 29
20%
Stuttgart GK Germany Fabian Bredlow 15
20%
Koln ST Germany Florian Dietz 11
20%
Freiburg RB Belgium Hugo Siquet 2
20%
Union Berlin CM Germany Janik Haberer 32
20%
Hertha Berlin AM Netherlands Jean-Paul Boetius 21
20%
Wolfsburg LW Croatia Josip Brekalo 6
20%
Borussia Dortmund RW Germany Justin Njinmah 1
20%
Wolfsburg LM United States Kevin Paredes 22
20%
Koln CB Germany Luca Kilian 16
20%
Stuttgart ST Germany Luca Pfeiffer 19
20%
Schalke CB Germany Moritz Jenz 11
20%
Bayer Leverkusen DM Belgium Noah Mbamba 1
20%
Hoffenheim RB Austria Stefan Posch 1
20%
Union Berlin ST Germany Sven Michel 21
20%
Hoffenheim AM Germany Tom Bischof 11
20%
Union Berlin LB Poland Tymoteusz Puchacz 1
20%
Hertha Berlin CM Czech Republic Vladimir Darida 3
20%
Augsburg ST Croatia Dion Beljo 18
19%
Hertha Berlin ST Germany Ibrahim Maza 2
19%
Borussia Monchengladbach GK Germany Jan Olschowsky 4
19%
Hertha Berlin ST Germany Jessic Ngankam 18
19%
Wolfsburg RB Germany Kilian Fischer 10
19%
Union Berlin CB Germany Paul Jaeckel 16
19%
Freiburg DM Germany Yannik Keitel 22
19%
Hertha Berlin LW Germany Derry Scherhant 10
17%
Eintracht Frankfurt GK Germany Diant Ramaj 1
17%
Koln RW Greece Dimitrios Limnios 2
17%
Bochum CB Germany Dominique Heintz 11
17%
Bochum RB England Jordi Osei-Tutu 20
17%
Stuttgart ST Colombia Juan Jose Perea 16
17%
Werder Bremen LB England Lee Buchanan 21
17%
Union Berlin CM Norway Morten Thorsby 24
17%
Stuttgart CM France Naouirou Ahamada 17
17%
Union Berlin LB Germany Niko Gießelmann 26
17%
Borussia Monchengladbach CM Germany Rocco Reitz 1
17%
Hertha Berlin GK Germany Tjark Ernst 1
17%
Mainz LW Netherlands Delano Burgzorg 13
15%
Koln CM Germany Denis Huseinbasic 24
15%
Schalke AM France Florent Mollet 9
15%
Hertha Berlin DM Croatia Ivan Sunjic 18
15%
Union Berlin SS Germany Jamie Leweling 16
15%
Schalke CB Germany Malick Thiaw 3
15%
Koln CM Luxembourg Mathias Olesen 14
15%
Mainz CB Germany Maxim Leitsch 9
15%
Schalke RB Turkey Mehmet Aydin 16
15%
Schalke ST Switzerland Michael Frey 15
15%
Union Berlin AM Serbia Milos Pantovic 13
15%
Stuttgart CM Denmark Nikolas Nartey 9
15%
Koln CB Croatia Nikola Soldo 7
15%
Freiburg LW Germany Noah Weißhaupt 18
15%
Schalke RW Japan Soichiro Kozuki 5
15%
Hoffenheim CM Germany Umut Tohumcu 8
15%
Hertha Berlin LW Nigeria Chidera Ejuke 20
13%
Stuttgart CB England Clinton Mola 1
13%
Schalke DM Colombia Eder Balanta 6
13%
Hertha Berlin CB Croatia Filip Uremovic 22
13%
Augsburg ST France Irvin Cardona 10
13%
Augsburg ST Italy Kelvin Yeboah 13
13%
Stuttgart AM Germany Lilian Egloff 10
13%
Bochum ST Germany Moritz Broschinski 11
13%
Augsburg RW Germany Noah Sarenren Bazee 2
13%
Borussia Monchengladbach CM Denmark Oscar Fraulo 2
13%
Bochum CM Cameroon Pierre Kunde 12
13%
Augsburg RB Germany Raphael Framberger 3
13%
Augsburg DM Portugal Renato Veiga 13
13%
Bochum CB Germany Tim Oermann 4
13%
Stuttgart ST Australia Alou Kuol 1
11%
Mainz RW Germany Brajan Gruda 2
11%
Stuttgart LW North Macedonia Darko Churlinov 1
11%
Hoffenheim CB Portugal Eduardo Quaresma 4
11%
Werder Bremen ST Germany Eren Dinkci 17
11%
Eintracht Frankfurt LW Germany Faride Alidou 15
11%
Augsburg CB Denmark Frederik Winther 1
11%
Bochum DM Poland Jacek Goralski 4
11%
Werder Bremen CM Germany Jean Manuel Mbom 2
11%
Koln RB Netherlands Kingsley Ehizibue 1
11%
Union Berlin LW Germany Levin Oztunali 2
11%
Hertha Berlin LW France Myziane Maolida 3
11%
Hertha Berlin CB Germany Pascal Klemens 1
11%
Bochum ST Congo Silvere Ganvoula 16
11%
Schalke RW Germany Tim Skarke 9
11%
Union Berlin RW Germany Tim Skarke 3
11%
Bochum CB Greece Vasilios Lampropoulos 15
11%
Augsburg LB Germany Aaron Zehnter 1
9%
Hertha Berlin CB Uruguay Agustin Rogel 20
9%
Bayer Leverkusen DM Morocco Ayman Azhil 1
9%
Wolfsburg DM Croatia Bartol Franjic 5
9%
Eintracht Frankfurt CB Germany Dario Gebuhr 1
9%
Augsburg LB Croatia David Colina 7
9%
Hoffenheim CB Germany Joshua Quarshie 1
9%
Schalke ST Germany Keke Topp 1
9%
Schalke LB Germany Kerim Calhanoglu 3
9%
Freiburg LB Germany Kimberly Ezekwem 1
9%
Stuttgart AM Germany Laurin Ulrich 1
9%
Eintracht Frankfurt CM Germany Marcel Wenig 1
9%
Borussia Dortmund RM Croatia Marco Pasalic 1
9%
Mainz ST Austria Marlon Mustapha 6
9%
Hoffenheim AM Germany Muhammed Damar 6
9%
Augsburg LW France Nathanael Mbuku 2
9%
Mainz DM Germany Niklas Tauer 3
9%
Bochum RB Gambia Saidy Janko 20
9%
Koln ST Germany Tim Lemperle 12
9%
Schalke LW Germany Tobias Mohr 18
9%
Hertha Berlin DM Turkey Tolga Cigerci 11
9%
Mainz AM France Angelo Fulgini 16
7%
Werder Bremen DM Togo Dikeni Salifou 1
7%
Hoffenheim ST Germany Fisnik Asllani 8
7%
Schalke LB Finland Jere Uronen 11
7%
Hertha Berlin RB Germany Julian Eitschberger 1
7%
Schalke CB Austria Leo Greiml 7
7%
Wolfsburg LB France Nicolas Cozza 5
7%
Stuttgart ST Germany Thomas Kastanaras 4
7%
Schalke LW Romania Andreas Ivan 1
6%
Schalke DM Germany Florian Flick 8
6%
Koln SS Germany Justin Diehl 2
6%
Augsburg AM Germany Lukas Petkov 7
6%
Werder Bremen DM Germany Nicolai Rapp 7
6%
Union Berlin CM Germany Paul Seguin 20
6%
Borussia Monchengladbach ST Germany Semir Telalovic 3
6%
Hertha Berlin ST Germany Tony Rolke 1
6%
Hertha Berlin DM Germany Veit Stange 1
6%
Wolfsburg ST Germany Dzenan Pejcinovic 1
4%
Mainz CM Germany Eniss Shabani 1
4%
Wolfsburg AM Czech Republic Lukas Ambros 1
4%
No matching quizzes found
Score Distribution
Percent of People with Each Score
Percentile by Number Answered
Your Score History
You have not taken this quiz